Hurricane & Tornado

Bibliographic Details
Main Author: Challoner, Jack
Format: Book
Published: London : Dorling Kindersley , 2000
Subjects:

MARC

LEADER 00000cam a2200000 7i4500
001 0000010890
005 20050425.0
020 |a 0751362166 
040 |a INS 
090 0 0 |a QC941.3   |b C57 2000 
100 1 |a Challoner, Jack 
245 1 0 |a Hurricane & Tornado   |c Jack Challoner 
260 |a London :   |b Dorling Kindersley ,   |c 2000 
300 |a 61p :   |b 28cm 
650 0 0 |a Natured disasters 
650 0 0 |a Severe storms 
650 0 0 |a Storms 
650 0 0 |a Weather 
999 |a 0000010352   |b BOOK   |c Open Shelf   |e Default branch